000 01310cam a22003134a 4500
001 12274335
003 mut
005 20240606081029.0
008 010109s2001 meua b 000 0 eng
010 _a 2001017018
020 _a1571103295 (pbk. : alk. paper)
040 _aDLC
_cDLC
_dDLC
042 _apcc
050 0 0 _aLB1576
_b.P659 2001
082 0 0 _a372.62/3044
_221
100 1 _aPortalupi, JoAnn.
245 1 0 _aNonfiction craft lessons :
_bteaching information writing K-8 /
260 _aPortland, Me. :
_bStenhouse Publishers,
_cc2001.
300 _axi, 148 p. :
_bill. ;
_c24 cm.
504 _aIncludes bibliographical references (p. 143-145) and index.
650 0 _aEnglish language
_xComposition and exercises
_xStudy and teaching (Elementary)
650 0 _aEnglish language
_xComposition and exercises
_xStudy and teaching (Middle school)
650 0 _aExposition (Rhetoric)
_xStudy and teaching (Elementary)
650 0 _aExposition (Rhetoric)
_xStudy and teaching (Middle school)
700 1 _aFletcher, Ralph J.
906 _a7
_bcbc
_corignew
_d1
_eocip
_f20
_gy-gencatlg
942 _2lcc
_cBK
999 _c7092
_d7092